00269 a2200121 450000100060000002000180000608200180002410000240004224500230006626000290008930000100011865000190012863832 a9789693510164 a891.4392 YOU aYounas Butt, M. Dr. aGharmastian [Urdu] aLahorebSange Meelc2008 a231pp asatire humour